[Event "EU-ch U18 Girls 31st"]
[Site "Mamaia"]
[Date "2023.09.14"]
[Round "9"]
[White "Cengel, Edibe Eylul"]
[Black "Gasparyan, Milena"]
[Result "1-0"]
[WhiteElo "1844"]
[BlackElo "1896"]
[PlyCount "77"]
[EventDate "2023.09.05"]
[EventType "swiss"]
[EventRounds "9"]
[EventCountry "ROU"]
[SourceTitle "EXT 2024"]
[Source "ChessBase"]
[SourceDate "2023.10.10"]
[SourceVersion "1"]
[SourceVersionDate "2023.10.10"]
[SourceQuality "1"]

1. e4 c5 2. Nf3 e6 3. d3 d5 4. Nbd2 Nc6 5. g3 Nf6 6. Bg2 Be7 7. 0-0 dxe4 8. dxe4 0-0 9. Qe2 Qc7 10. e5 Nd7 11. Re1 b6 12. Nf1 Bb7 13. c3 Rfd8 14. h4 b5 15. Bf4 c4 16. N1h2 Nc5 17. Red1 Nd3 18. h5 Bc5 19. Ng4 Nxf4 20. gxf4 h6 21. Nd2 Ne7 22. Ne4 Bd5 23. Qc2 Nf5 24. Nef6+ gxf6 25. Nxf6+ Kf8 26. Bxd5 Rac8 27. Be4 Ng3 28. Bf3 Nf5 29. Kh2 Ke7 30. Bg4 Ng7 31. Qh7 Bxf2 32. Qxg7 Qb6 33. Ne4 Qe3 34. Qf6+ Ke8 35. Bxe6 fxe6 36. Qxe6+ Kf8 37. Qf6+ Ke8 38. Qh8+ Kf7 39. e6+ 1-0

[Event "EU-ch U18 Girls 30th"]
[Site "Antalya"]
[Date "2022.11.14"]
[Round "9"]
[White "Obada, Ema"]
[Black "Cengel, Edibe Eylul"]
[Result "1-0"]
[WhiteElo "2054"]
[BlackElo "1612"]
[PlyCount "81"]
[EventDate "2022.11.06"]
[EventType "swiss"]
[EventRounds "9"]
[EventCountry "TUR"]
[SourceTitle "EXT 2024"]
[Source "ChessBase"]
[SourceDate "2023.10.10"]
[SourceVersion "1"]
[SourceVersionDate "2023.10.10"]
[SourceQuality "1"]

1. e4 c5 2. Nf3 Nc6 3. Bb5 d6 4. 0-0 Bd7 5. Re1 a6 6. Bf1 Nf6 7. c3 Bg4 8. d4 cxd4 9. cxd4 e5 10. d5 Nd4 11. Be3 Nxf3+ 12. gxf3 Bh5 13. Qb3 Nd7 14. Nd2 Be7 15. Qxb7 0-0 16. Bh3 Nc5 17. Bxc5 dxc5 18. Qd7 Bg5 19. Qxd8 Rfxd8 20. Nc4 Bf4 21. Bg4 Bxg4 22. fxg4 g6 23. Re2 f5 24. gxf5 gxf5 25. Rd1 Kf7 26. f3 Rg8+ 27. Rg2 Rxg2+ 28. Kxg2 Rg8+ 29. Kh1 fxe4 30. fxe4 Ke7 31. Rg1 Rxg1+ 32. Kxg1 Kf6 33. Kg2 Bg5 34. Kf3 Bh6 35. Kg4 Bf4 36. h4 Bc1 37. b3 Bf4 38. Nb6 Ke7 39. Kf5 Bg3 40. h5 Kd6 41. Nc4+ 1-0

[Event "EU-ch Schools U17 Girls"]
[Site "Rhodes"]
[Date "2022.04.26"]
[Round "6"]
[White "Cengel, Edibe Eylul"]
[Black "Saraci, Rinesa"]
[Result "1/2-1/2"]
[WhiteElo "1544"]
[BlackElo "1474"]
[PlyCount "132"]
[EventDate "2022.04.21"]
[EventType "swiss"]
[EventRounds "9"]
[EventCountry "GRE"]
[SourceTitle "CBM 208 Extra"]
[Source "ChessBase"]
[SourceDate "2022.07.31"]
[SourceVersion "1"]
[SourceVersionDate "2022.07.31"]
[SourceQuality "1"]

1. e4 e5 2. Nf3 Nc6 3. Bc4 Nf6 4. d3 Bc5 5. 0-0 h6 6. c3 d6 7. Nbd2 0-0 8. h3 a6 9. Bb3 Be6 10. Re1 Bb6 11. Nc4 Ba7 12. Be3 Re8 13. Bxa7 Nxa7 14. Ne3 Qd7 15. Bc2 c6 16. d4 Qc7 17. d5 Bd7 18. Nh4 Nc8 19. Nhf5 Ne7 20. dxc6 Bxf5 21. cxb7 Qxb7 22. exf5 Qxb2 23. Qxd6 Qxc3 24. Ba4 Nc8 25. Qd1 Rf8 26. Rb1 Qc7 27. Nd5 Nxd5 28. Qxd5 Nb6 29. Qc6 Qxc6 30. Bxc6 Rab8 31. Rxe5 Nc4 32. Rxb8 Nxe5 33. Rxf8+ Kxf8 34. Bd5 Ke7 35. Kf1 f6 36. Ke2 Kd6 37. Bb3 Kc5 38. Ke3 a5 39. f4 Nc4+ 40. Kd3 Nd6 41. Be6 Kb4 42. g4 Ka3 43. h4 Kb2 44. a4 Ka3 45. Bd7 Kb4 46. Kd4 Nb7 47. g5 Nc5 48. gxh6 gxh6 49. Be8 Nxa4 50. Kd5 Nc5 51. Kd6 a4 52. Bxa4 Nxa4 53. Ke6 Kc5 54. Kxf6 Kd6 55. h5 Nc5 56. Kg7 Nd7 57. Kxh6 Ke7 58. Kg7 Nf6 59. h6 Nh5+ 60. Kg6 Nf6 61. Kg7 Nh5+ 62. Kg8 Nf6+ 63. Kg7 Nh5+ 64. Kg6 Nf6 65. h7 Nxh7 66. Kxh7 Kf6 1/2-1/2

[Event "EU-ch Schools U17 Girls"]
[Site "Rhodes"]
[Date "2022.04.23"]
[Round "3"]
[White "Keskin, Elif"]
[Black "Cengel, Edibe Eylul"]
[Result "1-0"]
[WhiteElo "1692"]
[BlackElo "1544"]
[PlyCount "79"]
[EventDate "2022.04.21"]
[EventType "swiss"]
[EventRounds "9"]
[EventCountry "GRE"]
[SourceTitle "CBM 208 Extra"]
[Source "ChessBase"]
[SourceDate "2022.07.31"]
[SourceVersion "1"]
[SourceVersionDate "2022.07.31"]
[SourceQuality "1"]

1. d4 d5 2. c4 e6 3. Nc3 a6 4. cxd5 exd5 5. Nf3 c6 6. Qc2 Nf6 7. Bg5 h6 8. Bxf6 Qxf6 9. Nxd5 Qd8 10. Nc3 Be7 11. e3 Nd7 12. Bd3 0-0 13. 0-0 Qa5 14. Rfd1 Qh5 15. Ne4 Nf6 16. Ng3 Qa5 17. Ne5 Be6 18. Bf5 Bxf5 19. Nxf5 Qc7 20. Qb3 Rab8 21. Nxe7+ Qxe7 22. Ng6 Qd6 23. Nxf8 Rxf8 24. f3 Nd5 25. e4 Nf4 26. Qe3 Qf6 27. g3 Nh3+ 28. Kg2 Ng5 29. h4 Ne6 30. Rd2 Rd8 31. Rad1 g5 32. d5 cxd5 33. exd5 Ng7 34. hxg5 hxg5 35. Qc3 Qd6 36. Re1 f6 37. Qa3 Qb6 38. d6 Qc6 39. Qb3+ Kh7 40. Qf7 1-0

[Event "TUR-ch (Women)"]
[Site "Ankara"]
[Date "2020.03.06"]
[Round "7"]
[White "Susin, Derya Defne"]
[Black "Cengel, Edibe Eylul"]
[Result "0-1"]
[WhiteElo "1196"]
[BlackElo "1456"]
[PlyCount "44"]
[EventDate "2020.03.02"]
[EventType "swiss"]
[EventRounds "9"]
[EventCountry "TUR"]
[SourceTitle "CBM 195 Extra"]
[Source "ChessBase"]
[SourceDate "2020.05.31"]
[SourceVersion "1"]
[SourceVersionDate "2020.05.31"]
[SourceQuality "1"]

1. d4 Nf6 2. c4 g6 3. Nc3 Bg7 4. e4 d6 5. f3 Nbd7 6. Be3 0-0 7. Qd2 c5 8. d5 a6 9. h4 Nh5 10. g4 Ng3 11. Rh2 Nxf1 12. Kxf1 Ne5 13. b3 b5 14. cxb5 axb5 15. Bh6 f6 16. Ke2 b4 17. Na4 Bxh6 18. Qxh6 Bxg4 19. Rg2 Bd7 20. Qe3 Bb5+ 21. Kd2 Rxa4 22. f4 Qa8 0-1

[Event "TUR-ch (Women)"]
[Site "Ankara"]
[Date "2020.03.05"]
[Round "5"]
[White "Zeybek, Kayla Nil"]
[Black "Cengel, Edibe Eylul"]
[Result "0-1"]
[WhiteElo "1108"]
[BlackElo "1456"]
[PlyCount "154"]
[EventDate "2020.03.02"]
[EventType "swiss"]
[EventRounds "9"]
[EventCountry "TUR"]
[SourceTitle "CBM 195 Extra"]
[Source "ChessBase"]
[SourceDate "2020.05.31"]
[SourceVersion "1"]
[SourceVersionDate "2020.05.31"]
[SourceQuality "1"]

1. e4 c5 2. c3 Nf6 3. e5 Nd5 4. d4 cxd4 5. cxd4 Nc6 6. Nf3 d6 7. Bc4 Nb6 8. Bb3 dxe5 9. dxe5 Qxd1+ 10. Bxd1 g6 11. 0-0 Bg7 12. Bf4 Nc4 13. Nc3 0-0 14. Re1 Nxb2 15. Be2 Nb4 16. Bg5 f6 17. exf6 exf6 18. Bc1 N2d3 19. Rd1 Nxc1 20. Bc4+ Kh8 21. Raxc1 Bg4 22. Be2 f5 23. a3 Nc6 24. h3 Bh5 25. Rd7 Rab8 26. Nb5 Rfd8 27. Rcd1 a6 28. Nc7 Rxd7 29. Rxd7 Rd8 30. Rf7 Bxf3 31. Bxf3 Kg8 32. Rxg7+ Kxg7 33. Ne6+ Kf6 34. Nxd8 Nxd8 35. Kf1 Ke5 36. Ke2 Kd4 37. Kd2 Nc6 38. Kc2 Na5 39. g3 h6 40. h4 g5 41. h5 Kc4 42. Bg2 f4 43. g4 Nc6 44. Bf1+ Kd4 45. Bg2 Na5 46. Bf3 b6 47. Be2 Nc4 48. Kb3 b5 49. a4 Nd6 50. Kb4 Ne4 51. f3 Nd2 52. axb5 axb5 53. Kxb5 Ke3 54. Bd1 Nxf3 55. Kc5 Nh2 56. Kd5 f3 57. Bxf3 Kxf3 58. Ke5 Kxg4 59. Kf6 Kxh5 60. Ke5 Kg4 61. Ke4 Nf3 62. Ke3 Kg3 63. Ke2 Nd2 64. Kxd2 Kg2 65. Ke2 h5 66. Ke3 h4 67. Ke4 g4 68. Kf4 g3 69. Kg4 h3 70. Kf4 h2 71. Ke3 h1Q 72. Kd3 Kh3 73. Kd2 Qf3 74. Kc2 g2 75. Kd2 g1Q 76. Kc2 Qgg2+ 77. Kb1 Qff1# 0-1

[Event "TUR-ch U13-U18 Girls"]
[Site "Antalya"]
[Date "2020.01.22"]
[Round "6"]
[White "Cengel, Edibe Eylul"]
[Black "Kara, Gulce Nehir"]
[Result "0-1"]
[WhiteElo "1428"]
[BlackElo "1876"]
[PlyCount "62"]
[EventDate "2020.01.19"]
[EventType "swiss"]
[EventRounds "11"]
[EventCountry "TUR"]
[SourceTitle "CBM 195 Extra"]
[Source "ChessBase"]
[SourceDate "2020.05.31"]
[SourceVersion "1"]
[SourceVersionDate "2020.05.31"]
[SourceQuality "1"]

1. e4 c5 2. Nc3 a6 3. f4 b5 4. g3 Bb7 5. Bg2 e6 6. Qe2 Nc6 7. Nf3 Nd4 8. Nxd4 cxd4 9. Nd1 d5 10. Nf2 Rc8 11. c3 Bc5 12. f5 Nf6 13. e5 Nd7 14. fxe6 fxe6 15. Qg4 0-0 16. Qxe6+ Kh8 17. 0-0 Re8 18. Qh3 Nxe5 19. b4 Bb6 20. a4 dxc3 21. dxc3 Nd3 22. Ra2 Nxf2 23. Raxf2 Bxf2+ 24. Rxf2 Re1+ 25. Rf1 Qb6+ 26. Kh1 Rxf1+ 27. Bxf1 d4+ 28. Bg2 Bxg2+ 29. Qxg2 Qc6 30. Qxc6 Rxc6 31. axb5 axb5 0-1

[Event "TUR-chT 1st League"]
[Site "Konya"]
[Date "2018.07.22"]
[Round "9.10"]
[White "Cengel, Edibe Eylul"]
[Black "Sural, Ceren"]
[Result "1/2-1/2"]
[WhiteElo "1327"]
[BlackElo "1554"]
[PlyCount "25"]
[EventDate "2018.07.16"]
[EventType "team-swiss"]
[EventRounds "9"]
[EventCountry "TUR"]
[SourceTitle "EXT 2019"]
[Source "ChessBase"]
[SourceDate "2018.10.10"]
[SourceVersion "1"]
[SourceVersionDate "2018.10.10"]
[SourceQuality "1"]
[WhiteTeam "Karman Masterler"]
[BlackTeam "Karaman Saglik"]
[WhiteTeamCountry "TUR"]
[BlackTeamCountry "TUR"]

1. e4 d5 2. exd5 Qxd5 3. Nc3 Qd8 4. d4 Nf6 5. Nf3 e6 6. Bd3 Be7 7. 0-0 0-0 8. Ne2 Nc6 9. Nc3 Nb8 10. Ne2 Nc6 11. Nc3 Nb8 12. Ne2 Nc6 13. Nc3 1/2-1/2

[Event "TUR-chT 1st League"]
[Site "Konya"]
[Date "2018.07.20"]
[Round "7.11"]
[White "Cengel, Edibe Eylul"]
[Black "Goksu, Beyza"]
[Result "1-0"]
[WhiteElo "1327"]
[BlackElo "1055"]
[PlyCount "70"]
[EventDate "2018.07.16"]
[EventType "team-swiss"]
[EventRounds "9"]
[EventCountry "TUR"]
[SourceTitle "EXT 2019"]
[Source "ChessBase"]
[SourceDate "2018.10.10"]
[SourceVersion "1"]
[SourceVersionDate "2018.10.10"]
[SourceQuality "1"]
[WhiteTeam "Karman Masterler"]
[BlackTeam "Ego Spor"]
[WhiteTeamCountry "TUR"]
[BlackTeamCountry "TUR"]

1. e4 e5 2. Nf3 Nc6 3. Bc4 Bc5 4. d3 Nge7 5. Bb3 d6 6. c3 0-0 7. 0-0 Be6 8. Bc2 Bg4 9. Nbd2 f5 10. Bb3+ Kh8 11. h3 fxe4 12. dxe4 Bh5 13. Qc2 Qd7 14. Bc4 Ng6 15. a4 Rf6 16. b4 Nxb4 17. cxb4 Bxb4 18. Ba3 Ba5 19. Qb3 Bxf3 20. Nxf3 Rb8 21. Bb4 Bxb4 22. Qxb4 Nf4 23. Qb3 h6 24. Rad1 Ne2+ 25. Kh2 Nf4 26. Nxe5 Qe7 27. Ng4 Qxe4 28. f3 Qf5 29. Nxf6 Qxf6 30. g3 Nh5 31. Rde1 b6 32. Re6 Qg5 33. f4 Qf5 34. Be2 Nf6 35. Bf3 Rd8 1-0

[Event "TUR-chT 1st League"]
[Site "Konya"]
[Date "2018.07.19"]
[Round "5.8"]
[White "Tanir, Simay"]
[Black "Cengel, Edibe Eylul"]
[Result "0-1"]
[WhiteElo "1459"]
[BlackElo "1327"]
[PlyCount "78"]
[EventDate "2018.07.16"]
[EventType "team-swiss"]
[EventRounds "9"]
[EventCountry "TUR"]
[SourceTitle "EXT 2019"]
[Source "ChessBase"]
[SourceDate "2018.10.10"]
[SourceVersion "1"]
[SourceVersionDate "2018.10.10"]
[SourceQuality "1"]
[WhiteTeam "Burdurspor Dernegi"]
[BlackTeam "Karman Masterler"]
[WhiteTeamCountry "TUR"]
[BlackTeamCountry "TUR"]

1. d4 Nf6 2. c4 g6 3. f3 Bg7 4. e4 d6 5. Nc3 0-0 6. Nge2 c5 7. d5 e6 8. Bg5 a6 9. a4 Qc7 10. Qd2 Nbd7 11. h4 Ne5 12. Ng3 h5 13. Be2 Nh7 14. Bh6 Bd7 15. Bxg7 Kxg7 16. f4 Ng4 17. Bxg4 hxg4 18. h5 Nf6 19. e5 Ng8 20. Nce4 dxe5 21. d6 Qb6 22. fxe5 Qb4 23. Qxb4 cxb4 24. Kd2 Rac8 25. b3 Bc6 26. hxg6 Kxg6 27. Rh2 f5 28. Nc5 f4 29. Ne2 g3 30. Rh4 Kg5 31. Rah1 Bxg2 32. Nxe6+ Kf5 33. Nxf8 Bxh1 34. Rxh1 Rxf8 35. Nxg3+ Kxe5 36. Rf1 Kxd6 37. Ne4+ Kc6 38. Ng5 Rf6 39. Rf3 b5 0-1